HEART ATTACK (Record no. 988)
[ view plain ]
| 000 -LEADER | |
|---|---|
| fixed length control field | 00325nam a22001337a 4500 |
| 020 ## - INTERNATIONAL STANDARD BOOK NUMBER | |
| ISBN | 03-100000-091104 |
| 082 ## - DEWEY DECIMAL CLASSIFICATION NUMBER | |
| Classification number | 894.812 |
| Item number | IQU/H |
| 100 ## - MAIN ENTRY--AUTHOR NAME | |
| Personal name | Dr.P.T.IQBAL |
| 245 ## - TITLE STATEMENT | |
| Title | HEART ATTACK |
| Remainder of title | ARINJIRIKENDA KAARYANGAL |
| 260 ## - PUBLICATION, DISTRIBUTION, ETC. (IMPRINT) | |
| Place of publication | THRICHUR |
| Name of publisher | H & C PUBLICATIONS |
| Year of publication | 2004 |
| 300 ## - PHYSICAL DESCRIPTION | |
| Number of Pages | 128 |
| 650 ## - SUBJECT ADDED ENTRY--TOPICAL TERM | |
| Topical Term | HEALTH CARE |
| Geographic subdivision | KERALA |
| 942 ## - ADDED ENTRY ELEMENTS (KOHA) | |
| Koha item type | Books |
| Withdrawn status | Lost status | Collection code | Home library | Current library | Shelving location | Date acquired | Source of acquisition | Cost, normal purchase price | Full call number | Accession Number | Koha item type |
|---|---|---|---|---|---|---|---|---|---|---|---|
| Reference | Main Library | Main Library | 07/05/2014 | purchase | 10.00 | 894.812 IQU/H | 02534 | Books | |||
| Reference | Main Library | Main Library | 07/05/2014 | purchase | 10.00 | 894.812 IQU/H | 02535 | Books |